| 000 | 00788nam a2200253Ia 4500 | ||
|---|---|---|---|
| 003 | OSt | ||
| 005 | 20220925221844.0 | ||
| 006 | a|||||r|||| 00| 0 | ||
| 007 | ta | ||
| 008 | 220923b |||||||| |||| 00| 0 eng d | ||
| 020 | _cPound 9.95 | ||
| 037 |
_b10039, 21/09/1985, SSS _cGeneral Book |
||
| 040 |
_aRTL _cRTL _beng |
||
| 041 |
_2eng _aeng |
||
| 082 | _aX:9F,91.3.N8, M4 | ||
| 100 |
_aMartin Roderick _9121985 |
||
| 245 | 0 |
_aWorking women in recession _b Employment, redundanc |
|
| 260 |
_aLondon _bOUP UK _c1984 |
||
| 300 |
_a295p. Bib p 291-93 _ccm. |
||
| 650 | _aFull Employment | ||
| 700 |
_a Wallace Judith _9287180 |
||
| 942 |
_hX:9F,91.3.N8, M4 _cGB _2CC |
||
| 999 |
_c575504 _d575504 |
||